Siete preguntas y siete respuestas sobre la Bolivia de Evo Morales /
Gespeichert in:
| 1. Verfasser: | |
|---|---|
| Format: | Text |
| Schlagworte: | |
| Tags: |
Tag hinzufügen
Keine Tags, Fügen Sie den ersten Tag hinzu!
|
MARC
| LEADER | 00000 a a2200000 04500 | ||
|---|---|---|---|
| 001 | 10856 | ||
| 003 | |||
| 040 | |||
| 100 | |a Stefanoni, Pablo | ||
| 245 | |a Siete preguntas y siete respuestas sobre la Bolivia de Evo Morales / |c Pablo Stefanoni | ||
| 650 | |a RELACIONES INTERETNICAS | ||
| 650 | |a MOVIMIENTOS SOCIALES | ||
| 650 | |a RELACIONES BILATERALES | ||
| 650 | |a INDUSTRIA NACIONALIZADA | ||
| 650 | |a REFORMA CONSTITUCIONAL | ||
| 650 | |a DESARROLLO POLITICO | ||
| 650 | |a BOLIVIA | ||
| 773 | |g número 209; páginas 46-65 | ||
| 999 | |c 26734 |d 26734 | ||
